000 01488nam0a2200349 4500
001 RU\NLR\bibl\1886275
005 20260405185745.0
010 _a978-5-98456-038-2
021 _aRU
_b2012-17250
_91301
035 _a(NLR Aleph) 001876011
090 _a2725937
_c2725937
100 _a20120402d2012 |||y0rusy50 ca
101 0 _arus
102 _aRU
105 _aa |||||||||
200 1 _aДругой Петербург
_eкнига для чтения в кресле
_fКонстантин Константинович Ротиков
205 _a3-е изд., значит. испр. и доп.
210 _aСанкт-Петербург
_cФонд исторической фотографии
_d2012
215 _a532, [3] с., XXIV c. ил., цв. ил.
_cил., портр.
_d23
225 1 _aНеканонический путеводитель
300 _aВ предисл. авт.: К.К. Ротиков - лит. псевд.
320 _aУказ. имен и портр.: с. 457-530
320 _aУказ. видовых ил.: с. 531-532
607 _aСанкт-Петербург, город
_xИстория
_91842049
_3RU\NLR\auth\66833946
686 _aТ3(2-2СПб)
700 1 _4070
_8rus
_7ca
_aРотиков
_bК. К.
_f1946-2014
_gКонстантин Константинович
_3RU\NLR\AUTH\7782024
_964952
801 0 _aRU
_bNLR
_c20120402
_gRCR
801 1 _aRU
_bNLR
_c20120402
942 _cBOOK
980 _aNB